| 000 | 00696cam a2200289ua 4500 | ||
|---|---|---|---|
| 020 | _c3.00 | ||
| 041 |
_aeng _h |
||
| 082 |
_a641.3 _bSWA/OU |
||
| 100 | _aSwaminathan , M S . | ||
| 245 |
_aOur food / _cM S Swaminathan. _hTextual Documents |
||
| 260 |
_aMadras : _bGanesh & Co (Madras) Private Ltd , _c1962. |
||
| 300 | _a93 ; . | ||
| 365 | _a3.00 | ||
| 504 | _a | ||
| 700 | 1 | _aBhagavan, R K . | |
| 700 | 1 | _aSubrahmaniyan, V . | |
| 942 | _cBK | ||
| 999 |
_c5952 _d5952 |
||